000 00470nam a22001697a 4500
003 BUBTL
008 170220b xxu||||| |||| 00| 0 eng d
082 _a677.028242ADH
100 _91058
_aAdanur, Sabit
245 _aHandbook Of Weaving
260 _aLancaster :
_bTechnomic Publishing Co.
300 _ax,436 p. :
_bill. ;
_c22 cm.
650 0 _91060
_aTextile Engineering
856 _k0
_l0
_yDownload
942 _2ddc
_cBK
999 _c5425
_d5425